[Event "Solta op 7th"]
[Site "Grohote"]
[Date "2024.07.01"]
[Round "3"]
[White "Sajin, Mirko"]
[Black "Plassmann, Dominik"]
[Result "1/2-1/2"]
[WhiteElo "2294"]
[BlackElo "2183"]
[PlyCount "55"]
[EventDate "2024.06.29"]
[EventType "swiss"]
[EventRounds "9"]
[EventCountry "CRO"]
[SourceTitle "CBM 221 Extra"]
[Source "ChessBase"]
[SourceDate "2024.09.30"]
[SourceVersion "1"]
[SourceVersionDate "2024.09.30"]
[SourceQuality "1"]

1. e4 c5 2. Nf3 Nc6 3. c3 d5 4. exd5 Qxd5 5. d4 e6 6. Be3 cxd4 7. cxd4 Nf6 8. Nc3 Qd8 9. a3 Be7 10. Bc4 0-0 11. 0-0 b6 12. d5 Na5 13. Ba2 exd5 14. Nxd5 Nxd5 15. Bxd5 Bb7 16. Bxb7 Nxb7 17. b4 Bf6 18. Rc1 Bb2 19. Rb1 Qxd1 20. Rfxd1 Rfd8 21. Bd4 Bxd4 22. Nxd4 Rac8 23. f3 g6 24. Ne2 Rc2 25. Rxd8+ Nxd8 26. Nd4 Rd2 27. Nb5 a5 28. Nc3 1/2-1/2

[Event "Solta op 7th"]
[Site "Grohote"]
[Date "2024.06.29"]
[Round "1"]
[White "Plassmann, Dominik"]
[Black "Brettner, Simeon"]
[Result "1-0"]
[WhiteElo "2183"]
[BlackElo "1767"]
[PlyCount "49"]
[EventDate "2024.06.29"]
[EventType "swiss"]
[EventRounds "9"]
[EventCountry "CRO"]
[SourceTitle "CBM 221 Extra"]
[Source "ChessBase"]
[SourceDate "2024.09.30"]
[SourceVersion "1"]
[SourceVersionDate "2024.09.30"]
[SourceQuality "1"]

1. e4 d6 2. Nc3 g6 3. d4 Bg7 4. Be3 e6 5. Qd2 h6 6. Be2 Ne7 7. h4 f5 8. f3 a6 9. Nh3 Nbc6 10. Nf4 e5 11. dxe5 Nxe5 12. Nfd5 fxe4 13. f4 N5c6 14. 0-0-0 Be6 15. h5 Nf5 16. hxg6 Ng3 17. Rhg1 Qd7 18. Bf2 Nxe2+ 19. Qxe2 0-0-0 20. g4 Rhf8 21. f5 Bg8 22. Bh4 Rde8 23. f6 Bxd5 24. Nxd5 Bh8 25. Qe3 1-0

[Event "Paderborn op 17th"]
[Site "Paderborn"]
[Date "2023.12.28"]
[Round "3"]
[White "Plassmann, Dominik"]
[Black "Jugelt, Tobias"]
[Result "1/2-1/2"]
[WhiteElo "2148"]
[BlackElo "2380"]
[PlyCount "35"]
[EventDate "2023.12.27"]
[EventType "swiss"]
[EventRounds "7"]
[EventCountry "GER"]
[SourceTitle "EXT 2025"]
[Source "ChessBase"]
[SourceDate "2024.10.14"]
[SourceVersion "1"]
[SourceVersionDate "2024.10.14"]
[SourceQuality "1"]

1. e4 d5 2. exd5 Qxd5 3. Nc3 Qd8 4. d4 Nf6 5. Nf3 Bf5 6. Ne5 Be6 7. Be3 c6 8. f4 g6 9. Be2 Bg7 10. 0-0 0-0 11. g4 Qc8 12. h3 Nbd7 13. Qe1 Nb6 14. Bd3 Nfd5 15. Nxd5 Nxd5 16. Bd2 f6 17. Nf3 Bf7 18. c4 1/2-1/2

[Event "NRW Class2 1819"]
[Site "Germany"]
[Date "2018.11.18"]
[Round "3.1"]
[White "Haub, Thorsten Michael"]
[Black "Plassmann, Dominik"]
[Result "1-0"]
[WhiteElo "2413"]
[BlackElo "2153"]
[PlyCount "85"]
[EventDate "2018.09.16"]
[EventType "team-tourn"]
[EventRounds "9"]
[EventCountry "GER"]
[SourceTitle "EXT 2022"]
[Source "ChessBase"]
[SourceDate "2021.10.06"]
[SourceVersion "1"]
[SourceVersionDate "2021.10.06"]
[SourceQuality "1"]
[WhiteTeam "Plettenberg"]
[BlackTeam "Guetersloh"]
[WhiteTeamCountry "GER"]
[BlackTeamCountry "GER"]

1. g3 e5 2. Bg2 Nc6 3. c4 g6 4. Nc3 Bg7 5. Nf3 Nge7 6. 0-0 0-0 7. Rb1 a5 8. a3 d6 9. b4 axb4 10. axb4 Nf5 11. e3 Rb8 12. d3 h5 13. b5 Nce7 14. e4 Nh6 15. Bd2 f5 16. Bg5 Nf7 17. Bxe7 Qxe7 18. Nd5 Qd8 19. Nh4 Nh8 20. exf5 Bxf5 21. Nxf5 Rxf5 22. Ra1 Rf8 23. Ra7 Nf7 24. h4 Nh6 25. Ne3 Nf5 26. Nxf5 Rxf5 27. Bxb7 Bh6 28. Be4 Rf6 29. Qe2 Kg7 30. Kg2 Qe7 31. Bd5 Rff8 32. Rb1 Rb6 33. d4 Re8 34. Re1 Kf8 35. Qd3 Kg7 36. f4 Bxf4 37. gxf4 Qxh4 38. Rxc7+ Kh6 39. Qg3 Qxg3+ 40. Kxg3 exf4+ 41. Kf2 Rxe1 42. Kxe1 Kg5 43. Rb7 1-0

[Event "GER-ch 89th"]
[Site "Dresden"]
[Date "2018.08.03"]
[Round "1"]
[White "Plassmann, Dominik"]
[Black "Faerber, David"]
[Result "1/2-1/2"]
[WhiteElo "2186"]
[BlackElo "2321"]
[PlyCount "61"]
[EventDate "2018.08.03"]
[EventType "swiss"]
[EventRounds "9"]
[EventCountry "GER"]
[SourceTitle "CBM 185 Extra"]
[Source "ChessBase"]
[SourceDate "2018.07.29"]
[SourceVersion "1"]
[SourceVersionDate "2018.07.29"]
[SourceQuality "1"]

1. e4 c6 2. d4 d5 3. f3 e6 4. Nc3 Bb4 5. Be3 dxe4 6. fxe4 Qh4+ 7. g3 Qxe4 8. Qe2 Qd5 9. Bg2 Qa5 10. Bd2 Nf6 11. Nf3 0-0 12. 0-0 Nbd7 13. Rae1 Qd8 14. Kh1 Nb6 15. Ne5 Be7 16. Ne4 Nxe4 17. Qxe4 Nd5 18. c4 Nf6 19. Qe3 Bd7 20. Bc3 Be8 21. Rf2 Qc7 22. Ref1 Nd7 23. d5 cxd5 24. cxd5 Nxe5 25. Bxe5 Bd6 26. Bxg7 Kxg7 27. Qg5+ Kh8 28. Qf6+ Kg8 29. Qg5+ Kh8 30. Qf6+ Kg8 31. Qg5+ 1/2-1/2

[Event "NRW Class2 1415"]
[Site "Germany"]
[Date "2015.04.26"]
[Round "9.3"]
[White "Valkyser, Martin"]
[Black "Plassmann, Dominik"]
[Result "1/2-1/2"]
[WhiteElo "2184"]
[BlackElo "2003"]
[PlyCount "36"]
[EventDate "2014.09.14"]
[EventType "team-tourn"]
[EventRounds "9"]
[EventCountry "GER"]
[SourceTitle "EXT 2017"]
[Source "ChessBase"]
[SourceDate "2016.10.25"]
[SourceVersion "1"]
[SourceVersionDate "2016.10.25"]
[SourceQuality "1"]
[WhiteTeam "Katernberg II"]
[BlackTeam "Guetersloh"]
[WhiteTeamCountry "GER"]
[BlackTeamCountry "GER"]

1. d4 e6 2. c4 f5 3. g3 Nf6 4. Bg2 c6 5. Nf3 d5 6. 0-0 Bd6 7. b3 Qe7 8. a4 a5 9. Ba3 Bxa3 10. Nxa3 0-0 11. e3 Bd7 12. Qd3 Be8 13. cxd5 cxd5 14. Rfc1 Nc6 15. Ne5 Ne4 16. Nxc6 Bxc6 17. Nb5 Rfc8 18. Nc3 Qb4 1/2-1/2

[Event "NRW Class2 1415"]
[Site "Germany"]
[Date "2015.03.22"]
[Round "8.3"]
[White "Plassmann, Dominik"]
[Black "Chilla, Jan Eric"]
[Result "0-1"]
[WhiteElo "2003"]
[BlackElo "2189"]
[PlyCount "60"]
[EventDate "2014.09.14"]
[EventType "team-tourn"]
[EventRounds "9"]
[EventCountry "GER"]
[SourceTitle "EXT 2017"]
[Source "ChessBase"]
[SourceDate "2016.10.25"]
[SourceVersion "1"]
[SourceVersionDate "2016.10.25"]
[SourceQuality "1"]
[WhiteTeam "Guetersloh"]
[BlackTeam "Muenster"]
[WhiteTeamCountry "GER"]
[BlackTeamCountry "GER"]

1. e4 e5 2. f4 exf4 3. Bc4 Nf6 4. Nc3 c6 5. Bb3 d5 6. exd5 cxd5 7. d4 Bd6 8. Nf3 0-0 9. 0-0 Nc6 10. Nxd5 Nxd5 11. Bxd5 Bg4 12. c3 Qd7 13. Qd3 Ne7 14. Ng5 Ng6 15. Be4 Rae8 16. h3 Bh5 17. Bf5 Qd8 18. Ne4 Bb8 19. b3 Qd5 20. g4 fxg3 21. Ba3 g2 22. Rf2 Nf4 23. Rxf4 Bxf4 24. Bxh7+ Kh8 25. c4 Qe6 26. Bxf8 Rxf8 27. Kxg2 f5 28. Rf1 Kxh7 29. Rxf4 fxe4 30. Rxe4 Qg6+ 0-1

[Event "NRW Class2 1415"]
[Site "Germany"]
[Date "2014.10.05"]
[Round "2.3"]
[White "Plassmann, Dominik"]
[Black "Buendgen, Achim"]
[Result "1/2-1/2"]
[WhiteElo "2003"]
[BlackElo "2166"]
[PlyCount "86"]
[EventDate "2014.09.14"]
[EventType "team-tourn"]
[EventRounds "9"]
[EventCountry "GER"]
[SourceTitle "EXT 2017"]
[Source "ChessBase"]
[SourceDate "2016.10.25"]
[SourceVersion "1"]
[SourceVersionDate "2016.10.25"]
[SourceQuality "1"]
[WhiteTeam "Guetersloh"]
[BlackTeam "Neuenkirchen"]
[WhiteTeamCountry "GER"]
[BlackTeamCountry "GER"]

1. e4 e5 2. Nc3 Nf6 3. f4 d5 4. fxe5 Nxe4 5. Qf3 Nc6 6. Bb5 Nxc3 7. bxc3 Qh4+ 8. g3 Qe4+ 9. Qxe4 dxe4 10. Bxc6+ bxc6 11. Ne2 c5 12. c4 Ba6 13. d3 Be7 14. 0-0 Rd8 15. Nf4 c6 16. Bb2 0-0 17. Rad1 exd3 18. cxd3 Bc8 19. Rfe1 Bg4 20. Rd2 g5 21. Ng2 Rd7 22. Ne3 Be6 23. g4 Rb8 24. Bc3 Rdb7 25. Rdd1 Bf8 26. Kg2 Rd7 27. Kf3 Rbd8 28. Ke4 a5 29. Nf5 Bxc4 30. Bxa5 Bd5+ 31. Ke3 Ra8 32. Bd2 Rxa2 33. Ra1 Rxa1 34. Rxa1 Rd8 35. Kf2 h6 36. h4 gxh4 37. Bxh6 Bxh6 38. Nxh6+ Kg7 39. Nf5+ Kg6 40. Nxh4+ Kg5 41. Kg3 Be6 42. Nf3+ Kg6 43. Ra3 c4 1/2-1/2

[Event "Dortmund Sparkassen op-A"]
[Site "Dortmund"]
[Date "2013.08.03"]
[Round "8"]
[White "Plassmann, Dominik"]
[Black "Zolfagharian, Kevin"]
[Result "1/2-1/2"]
[WhiteElo "2078"]
[BlackElo "2010"]
[PlyCount "62"]
[EventDate "2013.07.27"]
[EventType "swiss"]
[EventRounds "9"]
[EventCountry "GER"]
[SourceTitle "CBM 155 Extra"]
[Source "ChessBase"]
[SourceDate "2013.08.26"]
[SourceVersion "1"]
[SourceVersionDate "2013.08.26"]
[SourceQuality "1"]

1. e4 c5 2. Nf3 Nc6 3. d4 cxd4 4. Nxd4 Nf6 5. Nc3 d6 6. Be2 e5 7. Nb3 Be6 8. 0-0 d5 9. exd5 Nxd5 10. Nxd5 Bxd5 11. f4 Qb6+ 12. Kh1 0-0-0 13. Bg4+ Kb8 14. Qe2 h5 15. Bh3 Bd6 16. c4 Qa6 17. Nd2 exf4 18. b3 Be5 19. Rb1 f6 20. Qf2 Bf7 21. Ne4 Bg6 22. Nc5 Qb6 23. Bxf4 Bxb1 24. Rxb1 g5 25. Be3 Qc7 26. Ne6 Qd6 27. Nxd8 Rxd8 28. g3 Qd3 29. Bf5 Qd6 30. b4 h4 31. g4 Bd4 1/2-1/2

[Event "Dortmund Sparkassen op-A"]
[Site "Dortmund"]
[Date "2013.08.02"]
[Round "7"]
[White "Reisberg, Andre"]
[Black "Plassmann, Dominik"]
[Result "1/2-1/2"]
[WhiteElo "1955"]
[BlackElo "2078"]
[PlyCount "119"]
[EventDate "2013.07.27"]
[EventType "swiss"]
[EventRounds "9"]
[EventCountry "GER"]
[SourceTitle "CBM 155 Extra"]
[Source "ChessBase"]
[SourceDate "2013.08.26"]
[SourceVersion "1"]
[SourceVersionDate "2013.08.26"]
[SourceQuality "1"]

1. d4 Nf6 2. c4 g6 3. Nc3 Bg7 4. e4 d6 5. Nf3 0-0 6. Be2 e5 7. 0-0 Nc6 8. d5 Ne7 9. Ne1 Ne8 10. Be3 f5 11. f3 f4 12. Bf2 a5 13. c5 g5 14. cxd6 Nxd6 15. Nb5 h5 16. a4 Ng6 17. Rc1 Rf7 18. Qb3 g4 19. Nxd6 cxd6 20. fxg4 hxg4 21. Qb6 Qg5 22. Kh1 f3 23. Be3 Qh4 24. g3 Qh3 25. Bb5 Bf8 26. Rf2 Rh7 27. Kg1 Nf4 28. Rcc2 Ng2 29. Rxg2 fxg2 30. Rxg2 Rf7 31. Qd8 Qh7 32. Be8 Re7 33. Rf2 Qg7 34. Bh5 b5 35. axb5 Bb7 36. Qxd6 Rc8 37. Qg6 Qxg6 38. Bxg6 Rb8 39. b6 Bc8 40. Bc5 Bd7 41. Nd3 Bb5 42. Nxe5 Reb7 43. Bd4 Bg7 44. Rd2 Rc8 45. Nxg4 Bxd4+ 46. Rxd4 Rxb6 47. Bf5 Rc2 48. d6 Rxb2 49. d7 Bxd7 50. Rxd7 Rc6 51. Rd1 a4 52. Bd7 Ra6 53. Bxa4 Rxa4 54. Rf1 Kg7 55. Nf2 Re2 56. h4 Raa2 57. g4 Kg6 58. Kg2 Rxe4 59. Kf3 Rb4 60. Ne4 1/2-1/2

[Event "Bielefeld Gr3"]
[Site "Bielefeld"]
[Date "2007.05.28"]
[Round "7"]
[White "Plassmann, Dominik"]
[Black "Bykovskij, Sergej"]
[Result "1/2-1/2"]
[WhiteElo "2067"]
[BlackElo "1909"]
[PlyCount "132"]
[EventDate "2007.05.25"]
[EventType "tourn"]
[EventRounds "7"]
[EventCountry "GER"]
[SourceTitle "EXT 2008"]
[Source "ChessBase"]
[SourceDate "2007.11.25"]
[SourceVersion "1"]
[SourceVersionDate "2007.11.25"]
[SourceQuality "1"]

1. e4 d6 2. d4 Nf6 3. Nc3 g6 4. Be2 Bg7 5. Be3 c5 6. Qd2 cxd4 7. Bxd4 Nc6 8. Be3 Qa5 9. f4 Ng4 10. Bxg4 Bxc3 11. bxc3 Bxg4 12. h3 Bd7 13. Nf3 Qc7 14. 0-0 f5 15. e5 dxe5 16. Nxe5 Nxe5 17. fxe5 Be6 18. Bd4 h6 19. a4 Qc6 20. a5 g5 21. Qe3 f4 22. Qd2 Rf8 23. Rf2 0-0-0 24. Qc1 Kb8 25. a6 b5 26. Qa3 Rf7 27. Qc5 Qxc5 28. Bxc5 Rc8 29. Bd4 Rc6 30. Ra5 Bc4 31. Rd2 e6 32. Bf2 Rc8 33. Rd6 h5 34. Ra1 Ka8 35. Rad1 Bd5 36. Rb1 Rb8 37. Rd1 g4 38. hxg4 hxg4 39. Bd4 f3 40. gxf3 gxf3 41. Kf2 Rg8 42. Rg1 Rg2+ 43. Ke1 Kb8 44. Rxg2 fxg2 45. Rd8+ Kc7 46. Rg8 Rf1+ 47. Kd2 Bf3 48. Bxa7 Rd1+ 49. Ke3 g1Q+ 50. Rxg1 Rxg1 51. Kxf3 Ra1 52. Bd4 Rxa6 53. Ke3 Kc6 54. Kd3 Kd5 55. Kd2 Ke4 56. Kc1 Kd5 57. Kb2 Ra4 58. Kb3 Rc4 59. Kb2 Rc8 60. Kb3 Ra8 61. Kb4 Kc6 62. Kb3 Ra4 63. Kb2 Kd5 64. Kb3 Rc4 65. Kb2 Rxd4 66. cxd4 Kxd4 1/2-1/2

[Event "Bielefeld Gr3"]
[Site "Bielefeld"]
[Date "2007.05.27"]
[Round "5"]
[White "Schulte, Jens"]
[Black "Plassmann, Dominik"]
[Result "0-1"]
[WhiteElo "2005"]
[BlackElo "2067"]
[PlyCount "92"]
[EventDate "2007.05.25"]
[EventType "tourn"]
[EventRounds "7"]
[EventCountry "GER"]
[SourceTitle "EXT 2008"]
[Source "ChessBase"]
[SourceDate "2007.11.25"]
[SourceVersion "1"]
[SourceVersionDate "2007.11.25"]
[SourceQuality "1"]

1. e4 c5 2. Nc3 Nc6 3. Bb5 d6 4. d4 cxd4 5. Qxd4 Bd7 6. Bxc6 Bxc6 7. Nf3 Nf6 8. Bg5 e6 9. 0-0-0 Be7 10. Kb1 Qa5 11. Rhe1 0-0-0 12. Be3 Kb8 13. h3 d5 14. exd5 Nxd5 15. Nxd5 Bxd5 16. c4 Bxf3 17. Qf4+ Ka8 18. Qxf3 Bf6 19. Qe4 Qb4 20. Qc2 Rc8 21. c5 Rc6 22. a3 Qb5 23. Rd6 Rhc8 24. Rxc6 Rxc6 25. Qd2 b6 26. Bd4 Bxd4 27. Qxd4 Qxc5 28. Qd8+ Rc8 29. Qd2 Kb7 30. Ka1 Qc2 31. Qe3 Rc7 32. Qf3+ Ka6 33. Qe3 Rd7 34. Qe2+ Qxe2 35. Rxe2 Kb5 36. Ka2 Kc4 37. Kb1 Kd3 38. Re3+ Kd2 39. Ka2 Re7 40. g3 e5 41. Kb3 f5 42. Kc4 e4 43. Kb5 g5 44. h4 f4 45. Rc3 e3 46. fxe3 fxe3 0-1